000 00805nam a22002417a 4500
003 UA-OsUOA
001 96424
007 ta
008 20130319b un ||||| |||| 00| 0 ukr d
090 _a316.3(082)
_bС69
942 _cBK
040 _aUA-OsUOA
_bukr
_cUA-OsUOA
_dUA-OsUOA
245 _aСоціальні виміри суспільства
_bзбірник наукових праць
_cвідп. ред. Тихонович В.
300 _a429 с.
955 _a1
041 _aukr
080 _a316.3(082)
020 _a978-966-02-4383-5
260 _aК.
_bІн-т соціології НАН України
_c2007
250 _nвип. 1(12)
650 7 _a316.3 Соціальна структура. Суспільство як соціальна система
_2UDC
999 _c382679
_d382679